Assessing the contribution of haribhanga mango gardening on farm income / (Record no. 16053)
[ view plain ]
| 000 -LEADER | |
|---|---|
| fixed length control field | 00950nam a22002417a 4500 |
| 003 - CONTROL NUMBER IDENTIFIER | |
| control field | BD-DhSAU |
| 005 - DATE AND TIME OF LATEST TRANSACTION | |
| control field | 20220926161833.0 |
| 008 - FIXED-LENGTH DATA ELEMENTS--GENERAL INFORMATION | |
| fixed length control field | 150613b2021 bg a|||| m||| 00| 0 eng d |
| 040 ## - CATALOGING SOURCE | |
| Original cataloging agency | BD-DhSAU |
| 082 ## - DEWEY DECIMAL CLASSIFICATION NUMBER | |
| Edition number | 22 |
| Classification number | 630.715 |
| Item number | Ak79 |
| 100 ## - MAIN ENTRY--PERSONAL NAME | |
| Personal name | AKTAR, MOST. MARTUJA |
| Relator term | Registration # 19-10020 |
| 245 ## - TITLE STATEMENT | |
| Title | Assessing the contribution of haribhanga mango<br/>gardening on farm income / |
| Remainder of title | MS thesis |
| 260 ## - PUBLICATION, DISTRIBUTION, ETC. (IMPRINT) | |
| Place of publication, distribution, etc. | Sher-e-Bangla Agricultural University : |
| Name of publisher, distributor, etc. | Department of Agricultural extension and information system, |
| Date of publication, distribution, etc. | June, 2021 |
| 300 ## - PHYSICAL DESCRIPTION | |
| Extent | xii, 45p.: |
| Other physical details | ill. , ; |
| Dimensions | 30 cm. |
| 504 ## - BIBLIOGRAPHY, ETC. NOTE | |
| Bibliography, etc | Includes bibliographical reference. |
| 590 ## - Name of Cataloguer | |
| Name of Cataloger | Nazmul |
| 650 ## - SUBJECT ADDED ENTRY--TOPICAL TERM | |
| Topical term or geographic name as entry element | contribution of haribhanga |
| 650 ## - SUBJECT ADDED ENTRY--TOPICAL TERM | |
| Topical term or geographic name as entry element | mango gardening |
| 700 ## - ADDED ENTRY--PERSONAL NAME | |
| Personal name | Dr. Md. Rafiquel Islam |
| Relator term | Superviser |
| 700 ## - ADDED ENTRY--PERSONAL NAME | |
| Personal name | Dr. Muhammad Humayun Kabir |
| Relator term | Co-superviser |
| 856 ## - ELECTRONIC LOCATION AND ACCESS | |
| Uniform Resource Identifier | <a href=" http://archive.saulibrary.edu.bd:8080/xmlui/handle/123456789/4184"> http://archive.saulibrary.edu.bd:8080/xmlui/handle/123456789/4184</a> |
| 942 ## - ADDED ENTRY ELEMENTS (KOHA) | |
| Source of classification or shelving scheme | Dewey Decimal Classification |
| Koha item type | MS Level Thesis |
| Withdrawn status | Lost status | Source of classification or shelving scheme | Damaged status | Not for loan | Collection code | Home library | Branch Name | Date acquired | Total Checkouts | Full call number | Barcode | Date last seen | Price effective from | Koha item type |
|---|---|---|---|---|---|---|---|---|---|---|---|---|---|---|
| Dewey Decimal Classification | Not For Loan | Reference | SAU Library | SAU Library | 26/09/2022 | 630.715 Ak79 | 43711 | 26/09/2022 | 26/09/2022 | MS Level Thesis |
